Φορτώνει......

Science of Sports Training

Λεπτομέρειες βιβλιογραφικής εγγραφής
Κύριος συγγραφέας: Srinivasan ,M V
Άλλοι συγγραφείς: Reddy Ramasubba K
Μορφή: Printed Book
Έκδοση: NewDelhi Swastika 2013
LEADER 00448nam a22001457a 4500
020 |a 9789381991145 
082 |a 796  |b SR/SC 
100 |a Srinivasan ,M V 
245 |a Science of Sports Training 
260 |a NewDelhi  |b Swastika  |c 2013 
300 |a 288p.  |b HB 
700 |a Reddy Ramasubba K 
942 |c BK 
999 |c 4113  |d 4113 
952 |0 0  |1 0  |4 0  |6 796_000000000000000_SR_SC  |7 0  |8 NFIC  |9 5132  |a KUFOS  |b KUFOS  |c GEN  |d 2016-05-30  |o 796 SR/SC  |p 15236  |r 2016-05-30  |w 2016-05-30  |y BK